[Event "Titled Tue 20th May Early"]
[Site "chess.com INT"]
[Date "2025.05.20"]
[Round "4"]
[White "Villalba, Marcelo"]
[Black "Nezamyatin, Ruslan"]
[Result "1-0"]
[WhiteTitle "IM"]
[BlackTitle "CM"]
[WhiteElo "2233"]
[BlackElo "2070"]
[WhiteFideId "3701859"]
[BlackFideId "24153451"]
[EventDate "2025.05.20"]

1. e4 d5 2. exd5 Nf6 3. Nf3 Nxd5 4. d4 Bg4 5. Be2 e6 6. c4 Nb6 7. Be3 Be7 8. O-O
c6 9. Nbd2 N8d7 10. Bf4 O-O 11. Bg3 Bf5 12. c5 Nd5 13. Nc4 b6 14. Nd6 Bg6 15.
Ne5 Nxe5 16. Bxe5 bxc5 17. dxc5 Bf6 18. Qd4 Bxe5 19. Qxe5 Qa5 20. Qd4 Rab8 21.
a3 e5 22. Qxe5 Qxc5 23. Rac1 Qb6 24. b4 Rbd8 25. Bf3 Qb8 26. Nc4 Nf4 27. Qxb8
Rxb8 28. Na5 Nd3 29. Rc3 Ne5 30. Nxc6 Nxf3+ 31. Rxf3 Be4 32. Rc3 Rb7 33. Rfc1 g6
34. f3 Bd5 35. Na5 Re7 36. Rc7 Rfe8 37. Rxe7 Rxe7 38. Kf2 h5 39. h4 a6 40. Rc3
Re5 41. Nc6 Re6 42. Nd4 Rd6 43. Ke3 f5 44. g3 Bb7 45. Rc5 Kf8 46. Rc7 1-0

[Event "Titled Tue 20th May Early"]
[Site "chess.com INT"]
[Date "2025.05.20"]
[Round "4"]
[White "Buscar, Michael"]
[Black "Williams, Simon K"]
[Result "1/2-1/2"]
[BlackTitle "GM"]
[WhiteElo "2016"]
[BlackElo "2445"]
[WhiteFideId "2603616"]
[BlackFideId "404454"]
[EventDate "2025.05.20"]

1. d4 e6 2. c4 b6 3. e4 Bb7 4. f3 f5 5. Bd3 Qh4+ 6. g3 Qh5 7. Nc3 Bb4 8. Be3
fxe4 9. fxe4 Qxd1+ 10. Rxd1 Nf6 11. d5 O-O 12. Ne2 Ng4 13. Bd4 e5 14. Bg1 Bc5
15. Bxc5 bxc5 16. Rd2 d6 17. h3 Nf6 18. Rf1 a6 19. g4 Nbd7 20. Ng3 g6 21. Rdf2
Nb6 22. Rxf6 Rxf6 23. Rxf6 Bc8 24. b3 Kg7 25. Rf2 Bd7 26. Kd2 Rb8 27. a4 Nc8 28.
Bc2 Ne7 29. Nd1 Rb7 30. Ne3 Rb8 31. h4 Rb7 32. h5 Rb8 33. Ke2 Rb7 34. hxg6 hxg6
35. g5 Rb8 36. Rh2 Rf8 37. Bd1 Rf4 38. Rf2 Rh4 39. Rg2 Rh3 40. Bc2 Nc8 41. Ngf1
Rh4 42. Rh2 Rf4 43. Rf2 Rh4 44. Rh2 Rf4 45. Rf2 Rh4 46. Ke1 Ne7 47. Ke2 Ng8 48.
Kd3 Ne7 49. Bd1 Nc8 50. Bf3 Rh3 51. Ke2 Rh4 52. Rh2 Rf4 53. Rf2 Rh4 54. Bg2 Ne7
55. Bf3 Nc8 1/2-1/2

[Event "Titled Tue 20th May Early"]
[Site "chess.com INT"]
[Date "2025.05.20"]
[Round "4"]
[White "Filindash, Nikita"]
[Black "Aghaei, Alireza"]
[Result "1-0"]
[WhiteTitle "CM"]
[BlackTitle "CM"]
[WhiteElo "2198"]
[BlackElo "2204"]
[WhiteFideId "34159983"]
[BlackFideId "12509914"]
[EventDate "2025.05.20"]

1. d4 d5 2. c4 e6 3. Nc3 c5 4. cxd5 cxd4 5. Qa4+ Bd7 6. Qxd4 exd5 7. Qxd5 Nf6 8.
Qb3 Na6 9. Nf3 Nc5 10. Qc2 Rc8 11. e3 Nce4 12. Bd3 Nxc3 13. bxc3 Bc6 14. O-O Bd6
15. e4 O-O 16. e5 Bxf3 17. exf6 Qxf6 18. gxf3 Rxc3 19. Bxh7+ Kh8 20. Qf5 Qh4 21.
h3 Qxh7 22. Qxh7+ Kxh7 23. Be3 b6 24. a4 Bc5 25. Bxc5 Rxc5 26. Rfc1 Rfc8 27.
Rxc5 Rxc5 28. Kg2 Ra5 29. Ra3 b5 30. Rb3 bxa4 31. Ra3 g5 32. Kg3 Kg6 33. f4 f5
34. fxg5 Kxg5 35. h4+ Kh5 36. Kh3 a6 37. Kg3 Kg6 38. Kf4 Kh5 39. Kg3 Kh6 40. Kf4
Kg7 41. Kg5 Kh7 42. f4 Kg7 43. h5 Kh7 44. h6 Kh8 45. Kg6 Kg8 46. Rd3 1-0

[Event "Titled Tue 20th May Early"]
[Site "chess.com INT"]
[Date "2025.05.20"]
[Round "4"]
[White "Garcia Correa, Jose Ricardo"]
[Black "Lissillour, Baptiste"]
[Result "0-1"]
[WhiteTitle "FM"]
[WhiteElo "2103"]
[BlackElo "2318"]
[WhiteFideId "5101832"]
[BlackFideId "45179620"]
[EventDate "2025.05.20"]

1. e4 c6 2. d4 d5 3. Nc3 dxe4 4. Nxe4 Bf5 5. Ng3 Bg6 6. h4 h6 7. h5 Bh7 8. Nf3
e6 9. Bc4 Nf6 10. Qe2 Bd6 11. c3 O-O 12. Ne5 Nbd7 13. f4 c5 14. Be3 cxd4 15.
Bxd4 Qc7 16. O-O-O Rac8 17. Bd3 Bxd3 18. Rxd3 Nd5 19. Nxd7 Bxf4+ 20. Kb1 Qxd7
21. Qg4 f5 22. Qf3 Qb5 23. Ne2 Bg5 24. Rhd1 Rfe8 25. Be5 Bf6 26. Nd4 Qb6 27. Qg3
Bxe5 28. Qxe5 Nf6 29. Rg3 Ng4 30. Rxg4 fxg4 31. Rd3 Qc7 32. Qe4 e5 33. Nf5 Rcd8
34. Rg3 Rd1+ 35. Kc2 Qd7 36. Rxg4 Rd2+ 37. Kb3 Qb5+ 38. Qb4 Qxb4+ 39. cxb4 Rd7
40. Nxh6+ Kh7 41. Nf5 e4 42. Ne3 Rd3+ 43. Kc4 Rxe3 44. b3 Re2 45. a4 e3 46. Re4
Rxe4+ 47. Kd3 Rxb4 48. Kxe2 Rxb3 49. a5 Kh6 50. g4 Kg5 51. h6 gxh6 52. a6 bxa6
53. Kf3 a5 54. Ke2 a4 55. Kf3 a3 56. Ke2 a2 57. Kf3 a1=Q 0-1

[Event "Titled Tue 20th May Early"]
[Site "chess.com INT"]
[Date "2025.05.20"]
[Round "4"]
[White "Otdelnov, Kirill"]
[Black "Nagare Kaivalya Sandip"]
[Result "0-1"]
[WhiteTitle "FM"]
[BlackTitle "FM"]
[WhiteElo "2273"]
[BlackElo "2321"]
[WhiteFideId "24280216"]
[BlackFideId "25957929"]
[EventDate "2025.05.20"]

1. Nf3 Nf6 2. e3 g6 3. b3 Bg7 4. Bb2 O-O 5. Be2 c5 6. O-O Nc6 7. c4 d6 8. d4 e5
9. dxc5 e4 10. Nd4 dxc5 11. Nxc6 bxc6 12. Nc3 Qe7 13. Qc2 h5 14. Na4 Re8 15.
Rad1 Bg4 16. Rd2 Bxe2 17. Rxe2 Ng4 18. h3 Bxb2 19. Nxb2 Nf6 20. Rd1 Rad8 21.
Red2 Rxd2 22. Qxd2 Qe5 23. Na4 Re6 24. Qa5 Rd6 25. Rxd6 Qa1+ 26. Kh2 Qe5+ 27. g3
Qxd6 28. Qxc5 Qd2 29. Kg2 Qe2 30. Qd4 Qf3+ 31. Kg1 h4 32. g4 Nxg4 33. Qd8+ Kg7
34. Qxh4 Qd1+ 35. Kg2 Qf3+ 36. Kg1 Ne5 37. Nc3 f5 38. Qe7+ Nf7 39. Qd7 Qxh3 40.
Qxc6 Ng5 41. Qc7+ Kh6 42. Qf4 Kh5 43. Nd5 Nf3+ 44. Qxf3+ Qxf3 0-1

[Event "Titled Tue 20th May Early"]
[Site "chess.com INT"]
[Date "2025.05.20"]
[Round "4"]
[White "Gkavardinas, Antonios"]
[Black "Aaron, Deepak"]
[Result "1-0"]
[WhiteTitle "FM"]
[WhiteElo "2313"]
[BlackElo "2306"]
[WhiteFideId "25883097"]
[BlackFideId "2009412"]
[EventDate "2025.05.20"]

1. e4 e5 2. Nf3 Nc6 3. Bc4 Bc5 4. b4 Bb6 5. O-O d6 6. a3 Nf6 7. d3 O-O 8. Bg5 h6
9. Bh4 g5 10. Nxg5 hxg5 11. Bxg5 Kg7 12. Nc3 Kg6 13. h4 Be6 14. Kh1 Qd7 15. f4
exf4 16. Ne2 Nh5 17. Nxf4+ Nxf4 18. Rxf4 f6 19. Qf3 Bxc4 20. Rxf6+ Rxf6 21.
Qxf6+ Kh7 22. dxc4 Qg7 23. Qf5+ Kg8 24. Bf6 Rf8 25. Bxg7 Rxf5 26. exf5 Kxg7 27.
Re1 Bf2 28. Re4 Kf6 29. g4 Ne5 30. h5 Bh4 31. Kg2 Bg5 32. Kg3 Bc1 33. a4 Kg5 34.
c5 b6 35. cxd6 cxd6 36. Rd4 Nf7 37. Rd5 Bf4+ 38. Kh3 Be5 39. c4 Nh6 40. c5 bxc5
41. bxc5 Nxg4 42. cxd6 Nf2+ 43. Kg2 Ng4 44. d7 Bf6 45. d8=Q Ne3+ 46. Kf3 Nxd5
47. Qxd5 1-0

[Event "Titled Tue 20th May Early"]
[Site "chess.com INT"]
[Date "2025.05.20"]
[Round "4"]
[White "Garcia Garcia, Adrian Antonio"]
[Black "Tiitta, Sauli"]
[Result "0-1"]
[WhiteTitle "CM"]
[WhiteElo "2157"]
[BlackElo "2157"]
[WhiteFideId "2206587"]
[BlackFideId "502251"]
[EventDate "2025.05.20"]

1. e4 g5 2. d4 h6 3. Bc4 d6 4. Ne2 Bg7 5. f4 gxf4 6. Nxf4 Nc6 7. Qh5 e6 8. Nxe6
Bxe6 9. Bxe6 Qe7 10. Bd5 Nxd4 11. O-O Nf6 12. Qd1 Nxd5 13. exd5 O-O-O 14. Nc3
Rhg8 15. Bf4 Be5 16. Bxe5 dxe5 17. Qh5 f6 18. Ne4 Rdf8 19. Ng3 Nxc2 20. Rac1 Ne3
21. Nf5 Nxf5 22. Qxf5+ Kb8 23. Rf2 Rg5 24. Qc2 f5 25. a3 e4 26. Re1 Qd6 27. g3
h5 28. Qd2 Rfg8 29. Qf4 Qxf4 30. Rxf4 Rd8 31. Rd1 Rd6 32. Kf2 c6 33. Ke3 cxd5
34. Kd4 Kc7 35. Rc1+ Kd7 36. Ke5 Ke7 37. Rxf5 Re6+ 38. Kf4 Rxf5+ 39. Kxf5 e3 40.
Kf4 e2 41. Re1 d4 42. Kf3 d3 43. g4 hxg4+ 44. Kxg4 d2 45. Rxe2 Rxe2 46. h4 d1=Q
47. Kg5 Qd5+ 48. Kh6 Re6+ 49. Kh7 Qf5+ 50. Kg7 Qf6+ 51. Kg8 Qf7+ 52. Kh8 Rh6# 0-1

[Event "Titled Tue 20th May Early"]
[Site "chess.com INT"]
[Date "2025.05.20"]
[Round "4"]
[White "Lagarde, Maxime"]
[Black "Khazhatuly, Alikhan"]
[Result "1/2-1/2"]
[WhiteTitle "GM"]
[BlackTitle "CM"]
[WhiteElo "2622"]
[BlackElo "2196"]
[WhiteFideId "662399"]
[BlackFideId "13731335"]
[EventDate "2025.05.20"]

1. g3 d5 2. Bg2 Nf6 3. d3 e6 4. f4 c5 5. Nf3 Nc6 6. Rf1 Bd6 7. e3 e5 8. fxe5
Nxe5 9. Nc3 Bg4 10. Qd2 Qe7 11. Nb5 Rd8 12. Nxd6+ Rxd6 13. Nxe5 Qxe5 14. Kf2 h5
15. Qc3 Qxc3 16. bxc3 h4 17. Ba3 hxg3+ 18. hxg3 b6 19. Rh1 Rxh1 20. Rxh1 Nh5 21.
Rh4 f5 22. Bf3 Bxf3 23. Kxf3 Rh6 24. c4 dxc4 25. Rxc4 Rg6 26. g4 fxg4+ 27. Rxg4
Rxg4 28. Kxg4 Nf6+ 29. Kf5 Nd5 30. Bc1 Nb4 31. Ke6 Nxc2 32. a4 g5 33. Kf5 Ne1
34. d4 cxd4 35. exd4 Nd3 36. Bxg5 Kd7 37. Bd2 Nb2 38. a5 bxa5 39. Bxa5 Nc4 40.
Bb4 a5 41. Bc5 a4 42. Ke4 a3 43. d5 a2 44. Bd4 Nd6+ 45. Kd3 Nb5 46. Bb2 Kd6 47.
Kc4 Nc7 48. Ba3+ Kd7 49. Bb2 Kd6 50. Ba3+ Kd7 51. Bb2 Ne8 52. Kb3 Kd6 53. Kc4
Kd7 54. Kc5 Nc7 55. d6 Ne6+ 56. Kd5 Nf4+ 57. Ke4 Kxd6 58. Kxf4 Kc5 59. Ba1 Kc4
60. Ke3 Kb3 61. Kd2 Kc4 62. Kc2 Kd5 63. Kb3 Ke4 64. Kxa2 1/2-1/2

[Event "Titled Tue 20th May Early"]
[Site "chess.com INT"]
[Date "2025.05.20"]
[Round "4"]
[White "Marchesich, Giovanni"]
[Black "Laddha, Shubh Jayesh"]
[Result "0-1"]
[WhiteTitle "CM"]
[BlackTitle "FM"]
[WhiteElo "2219"]
[BlackElo "2303"]
[WhiteFideId "2824790"]
[BlackFideId "30942799"]
[EventDate "2025.05.20"]

1. e4 c5 2. Nf3 d6 3. Nc3 Nf6 4. Bb5+ Nbd7 5. d4 cxd4 6. Qxd4 a6 7. Bxd7+ Bxd7
8. Bg5 e6 9. O-O-O Be7 10. Qd3 Bc6 11. h4 h6 12. Bf4 e5 13. Be3 Qa5 14. Kb1 O-O
15. Nd5 Bxd5 16. exd5 e4 17. Qd2 Qxd2 18. Nxd2 Nxd5 19. Nxe4 Nxe3 20. fxe3 Rfd8
21. Rd5 Rac8 22. h5 Rc4 23. Ng3 Rg4 24. Nf5 Bf8 25. g3 Rg5 26. Rhd1 Re8 27. c4
Re6 28. Kc2 g6 29. hxg6 fxg6 30. Nd4 Rxe3 31. Rxg5 hxg5 32. g4 Bg7 33. Nb3 Be5
34. c5 dxc5 35. Nxc5 Rg3 36. Rd8+ Kf7 37. Rd7+ Ke8 38. Rxb7 Rxg4 39. Nxa6 Rg2+
40. Kd3 g4 41. Ke4 Bf6 42. Nc7+ Kf8 43. Ne6+ Kg8 44. a4 Re2+ 45. Kd5 g3 46. Nf4
Rf2 47. Rb8+ Kf7 48. Rb7+ Kg8 49. Nh3 g2 50. a5 Rf5+ 51. Ke6 Rf1 52. a6 Bd4 53.
a7 Bxa7 54. Rxa7 Rh1 55. Kf6 Rxh3 56. Ra8+ Kh7 57. Ra7+ Kh6 58. Ra8 Rf3+ 59. Ke6
g1=Q 0-1

[Event "Titled Tue 20th May Early"]
[Site "chess.com INT"]
[Date "2025.05.20"]
[Round "4"]
[White "Naranjo Moreno, Antonio"]
[Black "Mohota, Nisha"]
[Result "1-0"]
[WhiteTitle "FM"]
[BlackTitle "IM"]
[WhiteElo "2289"]
[BlackElo "2161"]
[WhiteFideId "2278626"]
[BlackFideId "5004330"]
[EventDate "2025.05.20"]

1. e4 c5 2. Nf3 Nc6 3. d4 cxd4 4. Nxd4 Nf6 5. Nc3 e5 6. Ndb5 d6 7. Bg5 a6 8. Na3
b5 9. Bxf6 Qxf6 10. Nd5 Qd8 11. c4 b4 12. Nc2 Rb8 13. Be2 Be6 14. O-O g6 15. c5
dxc5 16. Bxa6 Bxd5 17. exd5 Ne7 18. Ne3 Bg7 19. d6 Nc8 20. Nc4 O-O 21. d7 Nb6
22. Nxb6 Rxb6 23. Bc8 Qc7 24. Qd5 Rd6 25. Qc4 Rd4 26. Qb5 Rxc8 27. dxc8=Q+ Qxc8
28. Rac1 Bf8 29. Rfd1 Rg4 30. Qd7 Qxd7 31. Rxd7 Kg7 32. f3 Rd4 33. Rxd4 cxd4 34.
Kf2 f5 35. Rc7+ Kf6 36. Rc6+ Kf7 37. Ke2 e4 38. f4 d3+ 39. Ke3 Bg7 40. a3 bxa3
41. bxa3 Bb2 42. a4 Ke7 43. a5 Kd7 44. Rc4 Ba3 45. a6 d2 46. Kxd2 Bd6 47. g3 1-0

[Event "Titled Tue 20th May Early"]
[Site "chess.com INT"]
[Date "2025.05.20"]
[Round "4"]
[White "Niemann, Hans Moke"]
[Black "Hayrapetyan, Edgar"]
[Result "1/2-1/2"]
[WhiteTitle "GM"]
[BlackTitle "FM"]
[WhiteElo "2736"]
[BlackElo "2161"]
[WhiteFideId "2093596"]
[BlackFideId "13313568"]
[EventDate "2025.05.20"]

1. e4 e6 2. d4 d5 3. e5 c5 4. c3 Qb6 5. Nf3 Nc6 6. g3 cxd4 7. cxd4 Bb4+ 8. Nc3
Nge7 9. Bh3 Nf5 10. Bxf5 exf5 11. O-O Be6 12. Ne2 Be7 13. h4 O-O 14. Rb1 Rac8
15. Bg5 Rfe8 16. Bxe7 Rxe7 17. Nf4 Rec7 18. Kg2 Nb4 19. a3 Nc6 20. b4 Nd8 21.
Qa4 Kf8 22. b5 Rc4 23. Qb3 Qa5 24. Qe3 Rc3 25. Qd2 Rxa3 26. Qe2 Ra2 27. Qd1 Rac2
28. Ng5 h6 29. Qh5 hxg5 30. hxg5 g6 31. Qh8+ Ke7 32. Rh1 Rxf2+ 33. Kxf2 Qd2+ 34.
Kg1 Qxd4+ 35. Kg2 Rc2+ 36. Kh3 Rc3 37. Qh4 Qe3 38. Rhe1 Qf3 39. Ra1 Rc2 40. Rh1
d4 41. Raf1 Qe4 42. Qh8 d3 43. Rd1 d2 44. Rh2 Qf3 45. Rhxd2 Rxd2 46. Rxd2 Qh1+
47. Rh2 Qf1+ 48. Kh4 Qf3 49. Qf6+ Ke8 50. Qh8+ Ke7 51. Kh3 Qf1+ 52. Rg2 Qh1+ 53.
Rh2 Qf1+ 1/2-1/2

[Event "Titled Tue 20th May Early"]
[Site "chess.com INT"]
[Date "2025.05.20"]
[Round "4"]
[White "Chiang, Jacob"]
[Black "Berezin, Viktor RUS"]
[Result "1-0"]
[BlackTitle "FM"]
[WhiteElo "2006"]
[BlackElo "1921"]
[WhiteFideId "30962331"]
[BlackFideId "4128869"]
[EventDate "2025.05.20"]

1. c4 e5 2. Nc3 Nf6 3. g3 d5 4. cxd5 Nxd5 5. Bg2 Nb6 6. d3 Be7 7. Nf3 Nc6 8. O-O
O-O 9. Be3 Bg4 10. Rc1 f5 11. a3 a5 12. h3 Bh5 13. Nb5 Nd5 14. Bc5 Kh8 15. Qd2
f4 16. g4 Bg6 17. Rfd1 Qd7 18. a4 Rad8 19. Kh2 Ndb4 20. Qe1 Bxc5 21. Rxc5 e4 22.
Nh4 exd3 23. Nxg6+ hxg6 24. exd3 Nxd3 25. Qc3 Nxc5 26. Rxd7 Nxd7 27. Nxc7 f3 28.
Bxf3 Rc8 29. Ne6 Rf7 30. Ng5 Re7 31. Bd5 Nf6 32. Bf7 Rcc7 33. Bxg6 Ne5 34. Qxa5
Nxg6 35. Qa8+ Re8 36. Qa7 Rce7 37. b4 Ne4 38. Nxe4 Rxe4 39. Qxb7 Nf4 40. a5 Re2
41. Kg3 Nd3 42. a6 Nxf2 43. a7 Ne4+ 44. Kf3 Nd6 45. a8=Q Nxb7 46. Qxb7 R2e3+ 47.
Kf4 Rxh3 48. b5 Rhe3 49. b6 R8e5 50. Qb8+ Kh7 51. Qxe5 Rxe5 52. Kxe5 Kg6 53. b7
Kg5 54. b8=Q Kxg4 55. Qg8 g5 56. Kf6 Kh3 57. Qxg5 Kh2 58. Kf5 Kh1 59. Kf4 Kh2
60. Kf3 Kh1 61. Qg2# 1-0

[Event "Titled Tue 20th May Early"]
[Site "chess.com INT"]
[Date "2025.05.20"]
[Round "4"]
[White "Brown, Akeem"]
[Black "Perry, Patrick"]
[Result "1-0"]
[WhiteTitle "CM"]
[WhiteElo "2055"]
[BlackElo "2296"]
[WhiteFideId "7402023"]
[BlackFideId "30917727"]
[EventDate "2025.05.20"]

1. e4 Nf6 2. e5 Nd5 3. d4 d6 4. exd6 Qxd6 5. c4 Nf4 6. Ne2 Nxe2 7. Bxe2 Nc6 8.
Be3 Qb4+ 9. Qd2 Qxd2+ 10. Nxd2 e6 11. O-O Be7 12. Nf3 O-O 13. Rac1 Rd8 14. Rfd1
Bf6 15. b3 a5 16. a3 Ne7 17. Bf4 c6 18. b4 axb4 19. axb4 Nf5 20. Be3 Nxe3 21.
fxe3 Bd7 22. Ra1 Kf8 23. Kf2 Be7 24. c5 Bf6 25. e4 g6 26. e5 Be7 27. Nd2 f6 28.
Nc4 Be8 29. Rxa8 Rxa8 30. Na5 Ra7 31. Bc4 Bd7 32. Ke3 Bc8 33. Rf1 Kg7 34. exf6+
Bxf6 35. Kd3 e5 36. d5 Bf5+ 37. Kc3 e4+ 38. Kb3 cxd5 39. Bxd5 e3 40. Bxb7 Bd3
41. Re1 e2 42. Bf3 Re7 43. Nc6 Re3 44. Ka4 Bc2+ 45. Ka5 Bd1 46. Rxd1 exd1=Q 47.
Bxd1 1-0

[Event "Titled Tue 20th May Early"]
[Site "chess.com INT"]
[Date "2025.05.20"]
[Round "4"]
[White "Guerra Tulcan, Lenin"]
[Black "Cordeiro, Marco Aurelio Zaror"]
[Result "1-0"]
[WhiteTitle "IM"]
[WhiteElo "2310"]
[BlackElo "2048"]
[WhiteFideId "3601382"]
[BlackFideId "2117991"]
[EventDate "2025.05.20"]

1. e4 Nf6 2. e5 Nd5 3. c4 Nb6 4. a4 a5 5. d4 d6 6. exd6 cxd6 7. Ra3 Bf5 8. Nc3
Nc6 9. Nb5 Nb4 10. Rc3 e6 11. Nf3 Be7 12. Be2 O-O 13. O-O Na2 14. Ra3 Nxc1 15.
Qxc1 Rc8 16. b3 Nd7 17. Qd2 b6 18. Raa1 Nf6 19. Bd3 Bxd3 20. Qxd3 d5 21. Ne5 Bd6
22. Rfe1 dxc4 23. bxc4 Bxe5 24. Rxe5 Qd7 25. h3 Rfd8 26. Qb3 Qc6 27. Rc1 Rd7 28.
Rc3 Rcd8 29. Rg3 Ne4 30. Rd3 Nc5 31. Qb1 Nxd3 32. Qxd3 Rc8 33. Rg5 Qxc4 34. Qg3
Qc1+ 35. Kh2 g6 36. Rg4 Rc2 37. Qf3 Qd2 38. Rf4 f5 39. Qa8+ Kg7 40. Rf3 Qe2 41.
Qe8 Rf7 42. Nd6 Rf8 43. Qe7+ Kg8 44. Re3 Qxf2 45. Qxe6+ Kh8 46. Rg3 Qf4 47. Nf7+
Rxf7 48. Qxf7 Rc3 49. Qf8# 1-0

[Event "Titled Tue 20th May Early"]
[Site "chess.com INT"]
[Date "2025.05.20"]
[Round "4"]
[White "Momunaliev, Ruslan"]
[Black "Kozlov, Oleg"]
[Result "0-1"]
[WhiteTitle "CM"]
[BlackTitle "IM"]
[WhiteElo "2213"]
[BlackElo "2253"]
[WhiteFideId "13812211"]
[BlackFideId "4104544"]
[EventDate "2025.05.20"]

1. e4 c5 2. Nf3 e6 3. g3 Nc6 4. Bg2 Nf6 5. Qe2 d5 6. d3 Be7 7. e5 Nd7 8. c4 O-O
9. O-O a6 10. h4 b5 11. Bf4 Nb6 12. Nbd2 bxc4 13. dxc4 a5 14. Rad1 Ba6 15. b3 a4
16. Qd3 Nb4 17. Qb1 axb3 18. axb3 dxc4 19. Nxc4 N4d5 20. Ng5 g6 21. Qc1 Qc7 22.
Ne4 Rad8 23. Bg5 Bxg5 24. Qxg5 Kg7 25. Nf6 h6 26. Qc1 Nxf6 27. exf6+ Kh7 28. Qc2
Bxc4 29. bxc4 Qe5 30. Rb1 Nd7 31. Rfe1 Qxf6 32. h5 Ne5 33. f4 Ng4 34. hxg6+ fxg6
35. Rbd1 Rd4 36. Be4 Rfd8 37. Rxd4 Qxd4+ 38. Kh1 Qf6 39. Kg1 Rb8 40. Qe2 h5 41.
Rb1 Qd4+ 42. Kg2 Ne3+ 43. Kf3 Rxb1 44. Bxb1 Nxc4 45. Qxe6 Nd2+ 46. Kg2 Nxb1 47.
Qf7+ Qg7 48. Qb3 Nd2 49. Qd3 Qd4 50. Qe2 Qe4+ 51. Qxe4 Nxe4 0-1

[Event "Titled Tue 20th May Early"]
[Site "chess.com INT"]
[Date "2025.05.20"]
[Round "4"]
[White "Zou, Chen"]
[Black "Krishnan, Varun"]
[Result "1/2-1/2"]
[WhiteTitle "IM"]
[BlackTitle "IM"]
[WhiteElo "2443"]
[BlackElo "2370"]
[WhiteFideId "8610959"]
[BlackFideId "5054508"]
[EventDate "2025.05.20"]

1. Nf3 d5 2. g3 g6 3. Bg2 Bg7 4. d4 Nf6 5. O-O O-O 6. b3 c5 7. e3 cxd4 8. exd4
Nc6 9. Bb2 Ne4 10. h3 h6 11. Nbd2 Nxd2 12. Qxd2 Bf5 13. c3 Qd7 14. Kh2 Be4 15.
Rfe1 Rfe8 16. Rad1 b5 17. Ne5 Nxe5 18. dxe5 Bxg2 19. Kxg2 Red8 20. Ba3 a5 21.
Bc5 Qc6 22. Bd4 a4 23. b4 Qc4 24. e6 f5 25. Bxg7 Kxg7 26. a3 Rac8 27. Re3 Rc6
28. Qe1 d4 29. cxd4 Rxd4 30. Rxd4 Qxd4 31. Qe2 Qd5+ 32. Kh2 Kh7 33. Re5 Qc4 34.
Qe3 Qf1 35. Rc5 Rd6 36. Rc1 Qd3 37. Qxd3 Rxd3 38. Rc7 Kg7 39. Rxe7+ Kf6 40. Rb7
Rxa3 41. Rxb5 Kxe6 42. Kg2 Rb3 43. h4 h5 44. Kg1 Kf6 45. Kg2 a3 46. Ra5 Kg7 47.
Ra7+ Kf6 48. Ra5 Rxb4 49. Rxa3 Kf7 50. Rf3 Kf6 1/2-1/2

[Event "Titled Tue 20th May Early"]
[Site "chess.com INT"]
[Date "2025.05.20"]
[Round "4"]
[White "Chogdov, Munkhbat"]
[Black "Souleidis, Georgios"]
[Result "0-1"]
[WhiteTitle "FM"]
[BlackTitle "IM"]
[WhiteElo "2238"]
[BlackElo "2418"]
[WhiteFideId "13200860"]
[BlackFideId "4206827"]
[EventDate "2025.05.20"]

1. e4 c5 2. Nf3 e6 3. Nc3 Nc6 4. Bc4 Nf6 5. d3 d5 6. exd5 exd5 7. Bb3 Be7 8. h3
O-O 9. O-O h6 10. Bf4 Bd6 11. Qd2 Be6 12. Rae1 Re8 13. Ne2 Qc7 14. c3 Rad8 15.
Bxd6 Qxd6 16. Ng3 b5 17. d4 c4 18. Bc2 Bc8 19. Rxe8+ Rxe8 20. Re1 Rxe1+ 21. Qxe1
Qe6 22. Kf1 Kf8 23. Bf5 Qxe1+ 24. Kxe1 Bxf5 25. Nxf5 Ne4 26. Nd2 Nxd2 27. Kxd2
h5 28. Nd6 a6 29. Nb7 Ke7 30. Nc5 a5 31. g3 g5 32. f3 f5 33. Ke3 b4 34. h4 Kf6
35. hxg5+ Kxg5 36. Ne6+ Kh6 37. Nf4 bxc3 38. bxc3 Ne7 39. a4 Kg5 40. Ne6+ Kf6
41. Nc5 Kg5 42. Kf2 h4 43. gxh4+ Kxh4 44. Nb7 Nc6 45. Ke3 Kg3 46. Nc5 f4+ 47.
Ke2 Ne7 48. Nb7 Nc6 49. Nd6 Ne7 50. Nf7 Kg2 51. Ng5 Nf5 52. Ne6 Ng3+ 53. Kd2
Kxf3 54. Ng5+ Kg4 55. Ne6 Ne4+ 56. Kc2 f3 57. Nc5 f2 0-1

[Event "Titled Tue 20th May Early"]
[Site "chess.com INT"]
[Date "2025.05.20"]
[Round "4"]
[White "Dubnevych, Maksym"]
[Black "Bok, Benjamin"]
[Result "0-1"]
[WhiteTitle "FM"]
[BlackTitle "GM"]
[WhiteElo "2292"]
[BlackElo "2591"]
[WhiteFideId "14184001"]
[BlackFideId "1017063"]
[EventDate "2025.05.20"]

1. Nc3 d5 2. e4 dxe4 3. Nxe4 Nf6 4. Nxf6+ exf6 5. d4 Bd6 6. Bd3 O-O 7. Ne2 Re8
8. O-O Nd7 9. Be3 Nf8 10. c4 c6 11. Qd2 Be6 12. b4 Qc7 13. Ng3 Rad8 14. Rae1 g6
15. Qc3 Bc8 16. Re2 Ne6 17. Rfe1 f5 18. Bh6 Bf8 19. Bxf8 Rxf8 20. d5 cxd5 21.
Qf6 dxc4 22. Bxf5 Nd4 23. Nh5 Nxf5 24. Re5 Qd6 25. Rxf5 Qxf6 26. Nxf6+ Kg7 27.
Rf3 c3 28. Ne4 c2 29. Nc3 Bf5 30. h3 Rfe8 31. Rfe3 Rxe3 32. fxe3 Rd3 33. Ne2
Rxe3 34. Kf2 Re7 35. Rc1 Bd3 36. Nf4 Be4 37. g3 f5 38. Ne2 Rd7 39. Nc3 Rd2+ 40.
Ke1 Rh2 41. Ne2 Kf6 42. h4 Ke5 43. Kd2 Bf3 44. Kxc2 Rxe2+ 45. Kb3 Re3+ 46. Ka4
Bd5 47. Rc7 Kd6 48. Rxh7 Rxg3 49. Rh6 Ke5 50. Rh7 Kd4 51. Rd7 Rg2 52. Kb5 f4 53.
a4 f3 54. a5 f2 55. h5 f1=Q+ 56. Ka4 Ra2# 0-1

[Event "Titled Tue 20th May Early"]
[Site "chess.com INT"]
[Date "2025.05.20"]
[Round "4"]
[White "Terlouw, Wouter"]
[Black "Dominguez Exposito, Ibon"]
[Result "1-0"]
[WhiteTitle "CM"]
[BlackTitle "CM"]
[WhiteElo "2227"]
[BlackElo "2201"]
[WhiteFideId "1087401"]
[BlackFideId "54589452"]
[EventDate "2025.05.20"]

1. e4 e6 2. d4 d5 3. Bd3 dxe4 4. Bxe4 Nf6 5. Bf3 c5 6. Ne2 Be7 7. Be3 Nd5 8.
Bxd5 Qxd5 9. dxc5 Qxd1+ 10. Kxd1 Na6 11. c3 Nxc5 12. Nd2 b6 13. Kc2 Bb7 14. f3
O-O 15. Nb3 Na4 16. Rad1 Rfd8 17. Ned4 e5 18. Nf5 Bf8 19. Rhe1 g6 20. Nh6+ Kg7
21. Ng4 e4 22. Bd4+ Rxd4 23. Nxd4 exf3 24. gxf3 Nc5 25. b4 Na6 26. Kb3 h5 27.
Ne5 Rc8 28. Nd7 Bd6 29. b5 Nc5+ 30. Nxc5 Rxc5 31. c4 Bxh2 32. Re7 Bc8 33. Rxa7
Be5 34. Nc6 Bf6 35. Ne7 Be6 36. Nd5 Be5 37. Nxb6 Rxb5+ 38. Ka4 Rxb6 39. c5 Rc6
40. Kb5 Rc8 41. c6 h4 42. Re1 Bf4 43. Rxe6 h3 44. Ree7 Rf8 45. Re1 h2 46. c7 g5
47. Kc6 Rc8 48. Kd7 Bxc7 49. Rxc7 Rg8 50. Rh1 Rh8 51. Rc2 Kg6 52. Rcxh2 Rf8 53.
Rb2 Kf5 54. Rb4 Ra8 55. a4 f6 56. Rc1 Kg6 57. Rc6 Kf5 58. Rc5+ Kg6 59. a5 Ra7+
60. Ke6 f5 61. Rxf5 Ra6+ 62. Rb6 1-0

[Event "Titled Tue 20th May Early"]
[Site "chess.com INT"]
[Date "2025.05.20"]
[Round "4"]
[White "Dzhaparov, Medet"]
[Black "Adithya A Chullikkad"]
[Result "1-0"]
[BlackTitle "CM"]
[WhiteElo "1678"]
[BlackElo "2214"]
[WhiteFideId "13803689"]
[BlackFideId "45078734"]
[EventDate "2025.05.20"]

1. e4 a6 2. d4 b5 3. Nf3 Bb7 4. d5 g6 5. Bd3 Bg7 6. O-O d6 7. Bd2 Nd7 8. Bc3
Ngf6 9. a4 O-O 10. axb5 axb5 11. Rxa8 Qxa8 12. Bxb5 Nc5 13. Bd3 Ncxe4 14. Bxe4
Nxe4 15. Bxg7 Kxg7 16. Re1 Nf6 17. c4 Re8 18. Nc3 c6 19. dxc6 Bxc6 20. Re3 Ng4
21. Qd4+ Nf6 22. h3 Qa1+ 23. Kh2 Qxb2 24. Ne2 Qxd4 25. Nfxd4 Bd7 26. f3 e5 27.
Nb3 d5 28. cxd5 Nxd5 29. Rd3 Nf6 30. Nc5 Bb5 31. Rd2 Rc8 32. Nb3 e4 33. fxe4
Nxe4 34. Rb2 h5 35. Nbd4 Bd7 36. Ng3 Nd6 37. Rd2 h4 38. Nge2 Nf5 39. Nxf5+ Bxf5
40. Nd4 Rc5 41. Nf3 f6 42. Rd4 Kh6 43. Rxh4+ Kg7 44. Rb4 Rc2 45. Rb7+ Kh6 46.
Rb8 Kh5 47. Rh8# 1-0